Plants that belong to nightshade family (Solanaceae) - sudden death - Statistics

General Stats
  • This quiz has been taken 45 times
    38 since last reset
  • The average score is 5 of 12
Answers on the Grid
Answers color-coded by a green-red scale on the quiz's grid according to % correct below.
Carrot
Begonia
Eggplant/Aubergine
Peanuts
Fuchsia
Chinese lantern (Alkekengi)
Spinach
Potato
Hemlock
Bell pepper
Datura
Henbane
Cucumber
Gourd
Chili pepper
Petunia
Hemp
Hops
Tobacco plant
Black nightshade
Lettuce
Tomato
Chickpea
Parsley
Cabbage
Deadly nightshade
Cauliflower
Radish
 
Answer Stats
Answer % Correct
Potato
74%
Black nightshade
63%
Deadly nightshade
63%
Eggplant/Aubergine
53%
Tomato
47%
Bell pepper
42%
Datura
42%
Chili pepper
37%
Chinese lantern (Alkekengi)
37%
Tobacco plant
37%
Henbane
26%
Petunia
21%
No matching quizzes found
Score Distribution
Percent of People with Each Score
Percentile by Number Answered
Your Score History
You have not taken this quiz since the last reset